000 00607nam a22001817a 4500
003 UA-OsUOA
001 14058
007 ta
008 20030721b un ||||| |||| 00| 0 ukr d
100 _aТарасюк І.
942 _cSA
040 _aUA-OsUOA
_cUA-OsUOA
_dUA-OsUOA
245 _aПівстоліття у боротьбі з вогнем та димом
_b[50 років прослужив у Рівнен. міськ. пожежній охороні М.Гвоздь]
300 _aС.3
955 _a0
773 0 _w0
_tОго
_dРівне
_d2003
_g№107/24 черв./
650 7 _aГвоздь М.
_2UDC
999 _c300219
_d300219